Marcela, ó, ¿A cuál de los tres? / (Record no. 137381)

MARC details
000 -CABECERA
campo de control de longitud fija 01301nam a2200361 i 4500
001 - NÚMERO DE CONTROL
campo de control 991009919439706706
003 - IDENTIFICADOR DEL NÚMERO DE CONTROL
campo de control ES-BaIT
005 - FECHA Y HORA DE LA ÚLTIMA TRANSACCIÓN
campo de control 20260416103702.0
008 - DATOS DE LONGITUD FIJA--INFORMACIÓN GENERAL
campo de control de longitud fija 090922s1968 sp 000 d spa|c
017 ## - NÚMERO DE COPYRIGHT O DE DEPÓSITO LEGAL
Número de copyright o de depósito legal DL M. 23489-1968
035 ## - NÚMERO DE CONTROL DEL SISTEMA
Número de control de sistema (ES-BaCBU).b42384291
035 ## - NÚMERO DE CONTROL DEL SISTEMA
Número de control de sistema (OCoLC)804241165
040 ## - FUENTE DE LA CATALOGACIÓN
Centro catalogador/agencia de origen ES-BaCBU
Lengua de catalogación cat
Normas de descripción rda
Centro/agencia transcriptor ES-BaCBU
080 ## - NÚMERO DE LA CLASIFICACIÓN DECIMAL UNIVERSAL
Número de la Clasificación Decimal Universal 860-2"18"
100 1# - ENTRADA PRINCIPAL--NOMBRE DE PERSONA
Nombre de persona Bretón de los Herreros, Manuel,
Fechas asociadas al nombre 1796-1873
Término indicativo de función/relación autor
9 (RLIN) 9797
245 10 - MENCIÓN DE TÍTULO
Título Marcela, ó, ¿A cuál de los tres? /
Mención de responsabilidad, etc. Manuel Breton de los Herreros ; edición e introducción de José Hesse
246 32 - FORMA VARIANTE DE TÍTULO
Título propio/Titulo breve ¿A cuál de los tres?
264 #1 - PRODUCCIÓN, PUBLICACIÓN, DISTRIBUCIÓN, FABRICACIÓN Y COPYRIGHT
Producción, publicación, distribución, fabricación y copyright Madrid :
Nombre del de productor, editor, distribuidor, fabricante Taurus,
Fecha de producción, publicación, distribución, fabricación o copyright 1968
300 ## - DESCRIPCIÓN FÍSICA
Extensión 155 pàgines ;
Dimensiones 18 cm
336 ## - TIPO DE CONTENIDO
Término de tipo de contenido text
Código de tipo de contenido txt
Fuente rdacontent
337 ## - TIPO DE MEDIO
Nombre/término del tipo de medio sense mediació
Código del tipo de medio n
Fuente rdamedia
338 ## - TIPO DE SOPORTE
Nombre/término del tipo de soporte volum
Código del tipo de soporte nc
Fuente rdacarrier
490 1# - MENCIÓN DE SERIE
Mención de serie Temas de España ;
Designación de volumen o secuencia 74
500 ## - NOTA GENERAL
Nota general A la pàgina 32: Comedia en tres actos, representada por primera vez en el Teatro del Príncipe el dia 30 de diciembre de 1831
500 ## - NOTA GENERAL
Nota general P6: D2, H4
504 ## - NOTA DE BIBLIOGRAFÍA, ETC.
Nota de bibliografía, etc. Bibliografia, pàgina 30
700 1# - ENTRADA AGREGADA--NOMBRE PERSONAL
Nombre de persona Hesse, José
Término indicativo de función/relación editor literari,
-- escriptor d'una introducció
9 (RLIN) 25361
830 #0 - PUNTO DE ACCESO ADICIONAL DE SERIE-TÍTULO UNIFORME
Título uniforme Temas de España
Designación de volumen o secuencia 74
9 (RLIN) 58235
908 ## - COLOCAR PARÁMETRO DE COMANDO (RLIN)
Colocar parámetro de comando UB
-- BC
-- UAB
-- CDMAE
940 ## - EQUIVALENCIA O REFERENCIA-CRUZADA--TÍTULO UNIFORME [OBSOLETO] [solamente CAN/MARC]
Título uniforme <a href="UB">UB</a>
Fecha de la firma de un tratado CDMAE
942 ## - ELEMENTOS DE ENTRADA AGREGADA (KOHA)
Fuente del sistema de clasificación o colocación Clasificación decimal universal
Tipo de ítem Koha Llibre
949 ## - PROCESAMIENTO DE INFORMACIÓN LOCAL (OCLC)
6 1000317801
a 3.178-N
Holdings
Estado de retiro Estado de pérdida Estado dañado No para préstamo Localización permanente Ubicación/localización actual Ubicación en estantería Fecha de adquisición Fuente de adquisición Información codificada de la localización en otra ubicación Total de préstamos Signatura topográfica completa Código de barras Fecha visto por última vez Número de copia Precio válido a partir de Tipo de ítem Koha
        Biblioteca Barcelona Biblioteca Barcelona BCN Magatzem Fons N 02/12/1996 Compra 10000   3.178-N 1000317801 02/12/1996 1 11/08/2021 Llibre

Powered by Koha